000 00292nam a22001097a 4500
008 160428b xxu||||| |||| 00| 0 eng d
020 _a002-027991
041 _aeng
080 _a618.2
245 _aPsychiatric mental health nursing:
_cNoreen Cavan Frisch; Lawrence E. Frisch;
942 _2udc
_cBK
999 _c1642
_d1642